| 000 | 00609nam a22002052 4500 | ||
|---|---|---|---|
| 001 | 0000021559 | ||
| 005 | 20151217152236.0 | ||
| 008 | 120720s xx 000 0 eng d | ||
| 020 | _a1596380653 : | ||
| 040 |
_aKABU _cKABU |
||
| 100 | 1 |
_aRamsay, Richard B. _@0000182487 |
|
| 245 | 1 | 4 |
_aThe certainty of the faith : _bapologetics in an uncertain world / _cRichard B. Ramsay. |
| 250 | _a1st ed. | ||
| 260 |
_aNew Jersey : _bP&R, _c2007. |
||
| 300 | _axvi, 280 p. | ||
| 650 | 0 |
_aApologetics. _@0000149151 |
|
| 852 | 1 | _9p630 KES | |
| 908 | _a120720 | ||
| 950 | _@1 | ||
| 999 |
_c9724 _d9724 |
||